000 00969nam a2200289Ia 4500
003 OSt
005 20221005024323.0
006 a|||||r|||| 00| 0
007 ta
008 221004b |||||||| |||| 00| 0 eng d
020 _a9783110538212 (hbk)
_cEURO 269.00
024 _a65596
037 _bSBS/25, 18/02/2020, Shivam Book Service
_cTextual
040 _aCRL
_cCRL
_beng
041 _2eng
_aeng
082 _aP:3, Q9
100 _aKertesz Andras Ed.
_9580475
245 0 _aCurrent approaches to syntax
_b comparative handbook
260 _aBoston
_bDe Gruyter Mouton USA
_c2019
300 _axvi,600p.
_ccm.
490 _aComparative handbooks of linguistics; Vol. 3
650 _aLINGUISTICS
700 _a Moravcsik Edith Ed.
_9580476
700 _a Rakosi Csilla Ed.
_9580477
942 _hP:3, Q9
_cTEXL
_2cc
999 _c932715
_d932715